Sports Quiz

Random Sports or Basketball Quiz

NBA 50 Point Games (2010s) Quiz Stats

 Plays Quiz Updated Jun 30, 2019

Score 0/83 Timer 05:00
13 Plays Today
Team Player % Correct
Miami HeatLeBron James
98.6%
Miami HeatLeBron James
98.6%
Cleveland CavaliersLeBron James
98.6%
Los Angeles LakersLeBron James
98.6%
Golden State WarriorsStephen Curry
97.5%
Golden State WarriorsStephen Curry
97.5%
Houston RocketsJames Harden
97.5%
Houston RocketsJames Harden
97.5%
Golden State WarriorsStephen Curry
97.5%
Golden State WarriorsStephen Curry
97.5%
Golden State WarriorsStephen Curry
97.5%
Golden State WarriorsStephen Curry
97.5%
Houston RocketsJames Harden
97.5%
Houston RocketsJames Harden
97.5%
Houston RocketsJames Harden
97.5%
Houston RocketsJames Harden
97.5%
Houston RocketsJames Harden
97.5%
Houston RocketsJames Harden
97.5%
Houston RocketsJames Harden
97.5%
Houston RocketsJames Harden
97.5%
Houston RocketsJames Harden
97.5%
Houston RocketsJames Harden
97.5%
Houston RocketsJames Harden
97.5%
Houston RocketsJames Harden
97.5%
Houston RocketsJames Harden
97.5%
Houston RocketsJames Harden
97.5%
Houston RocketsJames Harden
97.5%
Houston RocketsJames Harden
97.5%
Team Player % Correct
Oklahoma City ThunderKevin Durant
97.2%
Oklahoma City ThunderKevin Durant
97.2%
Oklahoma City ThunderKevin Durant
97.2%
Oklahoma City ThunderKevin Durant
97.2%
Golden State WarriorsKevin Durant
97.2%
Golden State WarriorsKevin Durant
97.2%
Oklahoma City ThunderRussell Westbrook
95.6%
Oklahoma City ThunderRussell Westbrook
95.6%
Oklahoma City ThunderRussell Westbrook
95.6%
Oklahoma City ThunderRussell Westbrook
95.6%
Oklahoma City ThunderRussell Westbrook
95.6%
Portland Trail BlazersDamian Lillard
94.9%
Portland Trail BlazersDamian Lillard
94.9%
Portland TrailblazersDamian Lillard
94.9%
Portland Trail BlazersDamian Lillard
94.9%
Portland Trail BlazersDamian Lillard
94.9%
Golden State WarriorsKlay Thompson
93.8%
Golden State WarriorsKlay Thompson
93.8%
Golden State WarriorsKlay Thompson
93.8%
New Orleans PelicansAnthony Davis
91.9%
New Orleans PelicansAnthony Davis
91.9%
New Orleans PelicansAnthony Davis
91.9%
Phoenix SunsDevin Booker
89.7%
Phoenix SunsDevin Booker
89.7%
Phoenix SunsDevin Booker
89.7%
Charlotte HornetsKemba Walker
89.4%
Charlotte HornetsKemba Walker
89.4%
Cleveland CavaliersKyrie Irving
89.1%
Team Player % Correct
Cleveland CavaliersKyrie Irving
89.1%
Washington WizardsJohn Wall
88.3%
Denver NuggetsCarmelo Anthony
87.8%
New York KnicksCarmelo Anthony
87.8%
New York KnicksCarmelo Anthony
87.8%
Los Angeles LakersKobe Bryant
87.6%
Detroit PistonsBlake Griffin
85%
Toronto RaptorsDeMar DeRozan
83.8%
Minnesota TimberwolvesKarl-Anthony Towns
83.4%
Washington WizardsBradley Beal
82.6%
Minnesota TimberwolvesDerrick Rose
82%
Milwaukee BucksGiannis Antetokounmpo
78.2%
San Antonio SpursLaMarcus Aldridge
77.6%
Sacramento KingsDeMarcus Cousins
76.9%
Sacramento KingsDeMarcus Cousins
76.9%
Portland Trail BlazersCJ McCollum
73.7%
Chicago BullsJimmy Butler
73.4%
Chicago BullsJimmy Butler
73.4%
Los Angeles ClippersLou Williams
71.1%
New Jersey NetsDeron Williams
70.5%
Minnesota TimberwolvesMo Williams
70.4%
Boston CelticsIsaiah Thomas
69.6%
Minnesota TimberwolvesKevin Love
67.9%
Phoenix SunsJamal Crawford
50.1%
Toronto RaptorsTerrence Ross
28.1%
Minnesota TimberwolvesCorey Brewer
20.6%
Portland Trail BlazersAndre Miller
14.1%

You're not logged in!

Compare scores with friends on all Sporcle quizzes.
OR
Log In

Show Comments

Extras

Top Quizzes Today


Score Distribution

Your Account Isn't Verified!

In order to create a playlist on Sporcle, you need to verify the email address you used during registration. Go to your Sporcle Settings to finish the process.

Report this User

Report this user for behavior that violates our Community Guidelines.

Details: